000 00513nam a2200193 a 4500
001 1771568783642
003 YourLibrary
005 20260220115751.0
008 260220s2009##################000#0#eng##
020 _a9789041128294
082 0 4 _a336.20509051
_bHEA
100 1 _aHead, John G.,
_eauthor.
245 1 0 _aTax Reform in the 21st Century :
260 _bKluwer Law International B.V.,
_c2009.
300 _a578 pages
650 0 _aLaw.
942 _cENGLISH
040 _aYourLibrary
_beng
_cYourLibrary
999 _c614178
_d614178